000 00622nam a2200181Ia 4500
005 20250423094524.0
008 250422s9999 xx 000 0 und d
020 _a9789162884130
050 _aJQ 1879 .G89/
100 _aGustavson, M.
245 0 _aAuditiing the African state: International standards and local adjustments
260 _aSweden
260 _bKompendiet
260 _c2012
300 _a289 p
650 _aPublic administration--Africa, Sub-Saharan--Evaluation. Civil service reform--Africa, Sub-Saharan. Administrative agencies--Africa, Sub-Saharan--Management--Evaluation.
942 _cBK
999 _c27490
_d27490